000 01064nam a2200289 i 4500
001 12256
003 KOSZ 005
005 20200630132826.0
008 080704s1961 pl a f 001 0 pol
015 _aPB 1961/6926
040 _aWA N
_cKOSZ 005/RW
_dKOSZ 005/RW
041 1 _apol
_heng
080 _a53
100 1 _aWooster, W. A.
_eAutor
245 1 0 _aDoświadczalna fizyka kryształów /
_cW. A. Wooster ; [tł. Janusz Leciejewicz i Stanisław Szarras].
246 1 _iTyt. oryg.:
_aExperimental crystal physics.
260 _aWarszawa :
_bPaństwowe Wydawnictwo Naukowe,
_c1961.
300 _a162, [2] s. :
_bil. ;
_c20 cm.
380 _aKsiążki.
504 _aBibliogr. s. [156]-157. Indeks.
650 4 _aKryształy
_xfizyka.
700 1 _aSzarras, Stanisław.
_eTłumaczenie
700 1 _aLeciejewicz, Janusz
_d(1928- ).
_eTłumaczenie
710 2 _aPaństwowe Wydawnictwo Naukowe
_4pbl.
856 _uhttp://koha.tu.koszalin.pl/cgi-bin/koha/opac-detail.pl?biblionumber=12256
_yKatalog online BPK
942 _2UKD
_cKS
999 _c12256
_d12256